| Tag |
First Indicator |
Second Indicator |
Subfields |
| LEADER |
00000cam a2200000 a 4500 |
| 001 |
in00000001692 |
| 005 |
20151007050634.0 |
| 008 |
981110s1998 mdua f000 0 eng d |
| 035 |
|
|
|a (OCoLC)40274995
|
| 035 |
|
|
|9 AJC4192AM
|
| 040 |
|
|
|a GPO
|c GPO
|d DLC
|d MvI
|d UtOrBLW
|
| 043 |
|
|
|a n-us---
|
| 049 |
|
|
|a UDOC
|
| 074 |
|
|
|a 0325
|
| 086 |
0 |
|
|a D 101.2:L 11/6
|
| 110 |
2 |
|
|a U.S. Army Research Laboratory.
|
| 245 |
1 |
0 |
|a Ballistics and Weapons Concepts Division.
|
| 264 |
|
1 |
|a [Adelphi, Md.] :
|b [ARL],
|c [1998?]
|
| 300 |
|
|
|a 11 unnumbered pages :
|b color illustrations ;
|c 22 cm.
|
| 336 |
|
|
|a text
|b txt
|2 rdacontent
|
| 337 |
|
|
|a unmediated
|b n
|2 rdamedia
|
| 338 |
|
|
|a volume
|b nc
|2 rdacarrier
|
| 500 |
|
|
|a Shipping list number: 99-0024-P.
|
| 610 |
2 |
0 |
|a U.S. Army Research Laboratory.
|b Ballistics and Weapons Concepts Division.
|
| 999 |
|
|
|a MARS
|
| 999 |
f |
f |
|s f81b03ec-2498-3a68-8875-d1f970768a72
|i 13d9f6fb-2bd1-37fe-80a0-391731e4e29f
|t 0
|
| 952 |
f |
f |
|p normal
|a Texas A&M University
|b College Station
|c Sterling C. Evans Library
|d Evans: US Documents (Annex 5th floor)
|t 0
|e D 101.2:L 11/6
|h Superintendent of Documents classification
|i unmediated -- volume
|m A14824400059
|
| 998 |
f |
f |
|a D 101.2:L 11/6
|t 0
|l Evans: US Documents (Annex 5th floor)
|